All Teams That Have Played in Italy's Serie A - Statistics

General Stats
  • This quiz has been taken 34 times
  • The average score is 32 of 67
Answer Stats
Hint Answer % Correct
89 Inter
100%
88 Juventus
100%
87 Milan
97%
75 Napoli
97%
88 Roma
93%
83 Fiorentina
90%
78 Lazio
90%
77 Torino
90%
60 Atalanta
86%
74 Bologna
83%
29 Verona
83%
54 Genoa
79%
27 Parma
79%
64 Sampdoria
79%
29 Palermo
76%
48 Udinese
76%
30 Bari
72%
41 Cagliari
69%
18 Chievo
66%
12 Venezia
62%
17 Catania
59%
16 Lecce
59%
7 Sassuolo
59%
13 Empoli
55%
30 Vicenza
55%
1 Benevento
52%
23 Brescia
52%
13 Modena
52%
7 Pisa
48%
9 Siena
48%
13 Como
45%
5 Messina
45%
18 Livorno
41%
3 Reggiana
41%
16 Ascoli
38%
8 Piacenza
38%
2 Ancona
34%
2 Frosinone
34%
13 Perugia
34%
7 Pescara
34%
6 Pro Vercelli
34%
9 Reggina
34%
19 Spal
34%
13 Novara
31%
26 Triestina
31%
13 Alessandria
28%
13 Cesena
28%
16 Padova
28%
2 Salernitana
28%
1 Treviso
28%
7 Catanzaro
24%
2 Crotone
24%
11 Foggia
24%
7 Mantova
24%
12 Pro Patria
24%
10 Avellino
21%
1 Carpi
21%
7 Cremonese
21%
3 Lecco
21%
5 Liguria
17%
2 Ternana
17%
7 Varese
17%
4 Casale
14%
1 Pistoiese
10%
3 Sampierdarenese
10%
3 Legnano
7%
8 Lucchese
7%
No matching quizzes found
Score Distribution
Percent of People with Each Score
Percentile by Number Answered
Your Score History
You have not taken this quiz